[Event "Daventry 4NCL U1700"]
[Site "Daventry"]
[Date "2025.04.21"]
[Round "6.6"]
[White "De Block, Gert"]
[Black "Chen, Yechu"]
[Result "0-1"]
[WhiteElo "1654"]
[BlackElo "1555"]
[PlyCount "137"]
[EventDate "2025.04.18"]
[EventType "swiss"]
[EventRounds "7"]
[EventCountry "ENG"]
[SourceTitle "BritBase"]
[Source "John Saunders"]
[SourceDate "2025.09.18"]
[SourceVersion "1"]
[SourceVersionDate "2025.09.18"]
[SourceQuality "1"]

1. d4 Nf6 2. c4 g6 3. Nf3 Bg7 4. Nc3 d5 5. cxd5 Nxd5 6. e4 Nxc3 7. bxc3 c5 8. Be3 Nc6 9. Be2 Bg4 10. O-O Bxf3 11. Bxf3 cxd4 12. cxd4 Nxd4 13. Rb1 Nxf3+ 14. Qxf3 b6 15. Rfd1 Qc7 16. Rbc1 Qb7 17. Bf4 Rc8 18. Rxc8+ Qxc8 19. Rc1 Qe6 20. e5 O-O 21. Qa3 Rc8 22. Rxc8+ Qxc8 23. Qxe7 Qc2 24. Qe8+ Bf8 25. h3 Qxa2 26. Bh6 Qa3 27. e6 Qe7 28. exf7+ Qxf7 29. Qe3 Bxh6 30. Qxh6 a5 31. Qd2 Qc7 32. Qd5+ Kf8 33. Qa8+ Ke7 34. Qe4+ Kd7 35. Qd5+ Ke7 36. Qe4+ Kd6 37. Qd4+ Kc6 38. Qc4+ Kb7 39. Qd5+ Ka7 40. Qd4 Ka6 41. Qe4 Qd7 42. Qa8+ Kb5 43. Qh8 a4 44. Qb2+ Ka5 45. Qc3+ Ka6 46. Qf3 b5 47. Qa8+ Kb6 48. Qb8+ Ka5 49. Qa8+ Kb4 50. Qe4+ Kc3 51. Qe1+ Kc2 52. Qe4+ Qd3 53. Qc6+ Qc4 54. Qa6 a3 55. Kh2 Qb3 56. Qd6 Kc1 57. Qf4+ Kb1 58. Qe4+ Kc1 59. Qf4+ Kd1 60. Qd4+ Ke2 61. Qe4+ Kf1 62. g3 a2 63. Qh1+ Kxf2 64. Qg2+ Ke3 65. Qg1+ Kd2 66. Qd4+ Kc1 67. Qa1+ Kc2 68. Qe1 Kb2 69. Qe5+ 0-1

[Event "Daventry 4NCL U1700"]
[Site "Daventry"]
[Date "2025.04.21"]
[Round "6.7"]
[White "Morrish, John"]
[Black "Loyden, Gary"]
[Result "1/2-1/2"]
[WhiteElo "1644"]
[BlackElo "1531"]
[PlyCount "42"]
[EventDate "2025.04.18"]
[EventType "swiss"]
[EventRounds "7"]
[EventCountry "ENG"]
[SourceTitle "BritBase"]
[Source "John Saunders"]
[SourceDate "2025.09.18"]
[SourceVersion "1"]
[SourceVersionDate "2025.09.18"]
[SourceQuality "1"]

1. e4 c5 2. f4 d5 3. e5 Nc6 4. Nf3 Bg4 5. Bb5 e6 6. h3 Bxf3 7. Qxf3 Nge7 8. c3 g6 9. h4 Qb6 10. Be2 h5 11. Na3 a6 12. Nc2 Nf5 13. Qf2 Qc7 14. Ne3 Nxe3 15. dxe3 Be7 16. Bd2 O-O-O 17. b4 c4 18. a4 b6 19. e4 dxe4 20. Be3 Kb7 21. Bxc4 Nxe5 1/2-1/2

[Event "Daventry 4NCL U1700"]
[Site "Daventry"]
[Date "2025.04.21"]
[Round "6.8"]
[White "Smith, Adam"]
[Black "Seymour, Paul"]
[Result "0-1"]
[WhiteElo "1519"]
[BlackElo "1619"]
[PlyCount "166"]
[EventDate "2025.04.18"]
[EventType "swiss"]
[EventRounds "7"]
[EventCountry "ENG"]
[SourceTitle "BritBase"]
[Source "John Saunders"]
[SourceDate "2025.09.18"]
[SourceVersion "1"]
[SourceVersionDate "2025.09.18"]
[SourceQuality "1"]

1. e4 d5 2. exd5 Qxd5 3. Nc3 Qd6 4. d4 Nf6 5. Nf3 a6 6. g3 Bg4 7. Bg2 c6 8. O-O g6 9. Bf4 Qd8 10. Re1 Bg7 11. Qe2 e6 12. Qc4 Bxf3 13. Bxf3 O-O 14. Rad1 Nbd7 15. a4 Nd5 16. Nxd5 cxd5 17. Qb4 Qb6 18. Qxb6 Nxb6 19. a5 Nc4 20. b4 Rac8 21. h4 Na3 22. Bd6 Rfd8 23. Bc5 Nxc2 24. Re2 Na3 25. Re3 Nc4 26. Rc3 Nd6 27. Re3 Rc6 28. Bg2 Rdc8 29. Kh2 Bh6 30. Re2 Bf8 31. f3 Nf5 32. Kh3 Bxc5 33. bxc5 R6c7 34. g4 Ne7 35. f4 Nc6 36. Ra2 Kg7 37. Kg3 Re8 38. Kf2 h6 39. Ke2 Rce7 40. Kd2 Nxd4 41. Kc3 Nc6 42. Rb1 Rb8 43. Bf1 Ra8 44. Kb3 Nd4+ 45. Kc3 Nc6 46. Kb3 f6 47. Ka4 g5 48. Rab2 Nd8 49. hxg5 hxg5 50. f5 e5 51. Rh2 Nf7 52. Rd1 Rd8 53. Bd3 d4 54. Rdh1 Rh8 55. Rxh8 Nxh8 56. Kb4 Nf7 57. Kc4 Rd7 58. Rb1 Nd8 59. Be4 Nc6 60. Ra1 Na7 61. Bd3 Nb5 62. Kb4 Re7 63. Re1 Na7 64. Kc4 Nc6 65. Ra1 e4 66. Bf1 Rd7 67. Rd1 Ne5+ 68. Kb4 Nxg4 69. Bg2 Ne3 70. Rd2 Nxg2 71. Rxg2 d3 72. Kc3 Rd5 73. Rb2 Rxc5+ 74. Kd4 Rxf5 75. Rxb7+ Kg6 76. Kxe4 d2 77. Rd7 Rxa5 78. Rxd2 Re5+ 79. Kf3 Re6 80. Ra2 f5 81. Ra4 Rb6 82. Rd4 Rb3+ 83. Kg2 Ra3 0-1

[Event "Daventry 4NCL U1700"]
[Site "Daventry"]
[Date "2025.04.21"]
[Round "6.9"]
[White "Jerome, Stellio"]
[Black "Cureton, Oliver"]
[Result "1-0"]
[WhiteElo "1614"]
[BlackElo "1340"]
[PlyCount "43"]
[EventDate "2025.04.18"]
[EventType "swiss"]
[EventRounds "7"]
[EventCountry "ENG"]
[SourceTitle "BritBase"]
[Source "John Saunders"]
[SourceDate "2025.09.18"]
[SourceVersion "1"]
[SourceVersionDate "2025.09.18"]
[SourceQuality "1"]

1. f4 e5 2. fxe5 d6 3. exd6 Nf6 4. Nf3 Bxd6 5. d4 O-O 6. Nc3 Ng4 7. Bg5 Qd7 8. Qd3 c6 9. Ne4 Re8 10. h3 Rxe4 11. Bh4 Re3 12. Qd2 Bf4 13. g3 Bxg3+ 14. Bxg3 Qe6 15. Bg2 Nf6 16. Be5 Nd5 17. c4 Qg6 18. cxd5 Qxg2 19. Rg1 Rxe2+ 20. Qxe2 Qxe2+ 21. Kxe2 f6 22. Bxf6 1-0

[Event "Daventry 4NCL U1700"]
[Site "Daventry"]
[Date "2025.04.21"]
[Round "6.10"]
[White "Poliakov, Andrii"]
[Black "Sloan, Cecil"]
[Result "1/2-1/2"]
[WhiteElo "1437"]
[BlackElo "1583"]
[PlyCount "118"]
[EventDate "2025.04.18"]
[EventType "swiss"]
[EventRounds "7"]
[EventCountry "ENG"]
[SourceTitle "BritBase"]
[Source "John Saunders"]
[SourceDate "2025.09.18"]
[SourceVersion "1"]
[SourceVersionDate "2025.09.18"]
[SourceQuality "1"]

1. d4 Nf6 2. c4 e6 3. Nc3 Bb4 4. Bd2 O-O 5. Nf3 b6 6. Qc2 Bb7 7. g3 Nc6 8. d5 exd5 9. Nxd5 Bxd2+ 10. Qxd2 Nxd5 11. cxd5 Ne7 12. d6 cxd6 13. Qxd6 Bxf3 14. exf3 Re8 15. O-O-O Rc8+ 16. Kb1 Nf5 17. Qd3 Rc5 18. Bh3 Ree5 19. Qxd7 Qxd7 20. Rxd7 g6 21. Bxf5 Rxf5 22. Rd3 Rcd5 23. Rxd5 Rxd5 24. Rc1 Rd2 25. Rf1 Kg7 26. Kc1 Re2 27. h3 h5 28. h4 Kf6 29. g4 Ke5 30. gxh5 gxh5 31. Rg1 Rxf2 32. Rg5+ Kf6 33. Rxh5 Rxf3 34. Kc2 Rf5 35. Rh8 Rf2+ 36. Kc3 Rf3+ 37. Kc2 Rf2+ 38. Kb3 Rf3+ 39. Ka4 Rf2 40. Ka3 Rf4 41. b4 b5 42. Rb8 Rf3+ 43. Kb2 Rf2+ 44. Kb3 Rf3+ 45. Kc2 Rf2+ 46. Kd3 Rxa2 47. Rxb5 Rh2 48. h5 Rh3+ 49. Ke4 Rh4+ 50. Kf3 Rh3+ 51. Kg4 Rc3 52. Rc5 Rb3 53. Rc6+ Kg7 54. Rc4 Rb1 55. Rf4 Rg1+ 56. Kf5 Kh6 57. Kf6 Kxh5 58. Kxf7 Rg5 59. Ke6 a5 1/2-1/2

[Event "Daventry 4NCL U1700"]
[Site "Daventry"]
[Date "2025.04.21"]
[Round "6.12"]
[White "Butler, Rene"]
[Black "Bishop, Geoffrey L"]
[Result "0-1"]
[WhiteElo "1499"]
[BlackElo "1609"]
[PlyCount "88"]
[EventDate "2025.04.18"]
[EventType "swiss"]
[EventRounds "7"]
[EventCountry "ENG"]
[SourceTitle "BritBase"]
[Source "John Saunders"]
[SourceDate "2025.09.18"]
[SourceVersion "1"]
[SourceVersionDate "2025.09.18"]
[SourceQuality "1"]

1. b4 e5 2. Bb2 Bxb4 3. Bxe5 Nf6 4. c3 Be7 5. Nf3 d5 6. e3 c5 7. Bxb8 Rxb8 8. Qa4+ Bd7 9. Qxa7 O-O 10. Qa3 b5 11. Be2 c4 12. Qc1 b4 13. Ne5 b3 14. axb3 cxb3 15. Qb2 Be8 16. O-O Bd6 17. Nf3 Bd7 18. Na3 Ne4 19. d4 Qc7 20. Nb1 Rfc8 21. Rc1 Be6 22. Ba6 Re8 23. Bd3 Qe7 24. Nbd2 Bf5 25. Bxe4 Bxe4 26. Nxe4 dxe4 27. Nd2 Qh4 28. Nf1 Re6 29. Ng3 Rh6 30. h3 Bxg3 31. fxg3 Qxg3 32. Qxb3 Qxe3+ 33. Kh1 Qf4 34. Rf1 Qxf1+ 35. Kh2 Qf4+ 36. Kg1 Rhb6 37. Qc4 Rb1+ 38. Qf1 Rxf1+ 39. Rxf1 Qe3+ 40. Kh2 Qxc3 41. Rf4 Qxd4 42. Rf1 e3 43. Rf4 Qe5 44. g3 e2 0-1

[Event "Daventry 4NCL U1700"]
[Site "Daventry"]
[Date "2025.04.21"]
[Round "6.13"]
[White "Li, Emmanuelle"]
[Black "Williams, Leslie"]
[Result "1-0"]
[WhiteElo "1289"]
[BlackElo "1517"]
[PlyCount "57"]
[EventDate "2025.04.18"]
[EventType "swiss"]
[EventRounds "7"]
[EventCountry "ENG"]
[SourceTitle "BritBase"]
[Source "John Saunders"]
[SourceDate "2025.09.18"]
[SourceVersion "1"]
[SourceVersionDate "2025.09.18"]
[SourceQuality "1"]

1. e4 d6 2. d4 Kd7 3. Nf3 e6 4. c4 c6 5. Nc3 g6 6. Bd3 Bg7 7. O-O Qb6 8. Bc2 Qc7 9. Bf4 Ne7 10. c5 Qa5 11. Bxd6 f6 12. e5 h6 13. exf6 Bxf6 14. Ne5+ Bxe5 15. dxe5 Nf5 16. Bxf5 gxf5 17. Bc7+ Ke7 18. Qd6+ Kf7 19. Bxa5 Nd7 20. Ne2 Nf8 21. Qd8 Kg8 22. Nf4 Rh7 23. Qf6 Bd7 24. Rfe1 Re8 25. Re3 Ree7 26. Nh5 Be8 27. Rg3+ Ng6 28. Bd8 Ref7 29. Rxg6+ 1-0

[Event "Daventry 4NCL U1700"]
[Site "Daventry"]
[Date "2025.04.21"]
[Round "6.14"]
[White "Calvert, William"]
[Black "Morris, Nigel W"]
[Result "0-1"]
[WhiteElo "897"]
[BlackElo "1560"]
[PlyCount "106"]
[EventDate "2025.04.18"]
[EventType "swiss"]
[EventRounds "7"]
[EventCountry "ENG"]
[SourceTitle "BritBase"]
[Source "John Saunders"]
[SourceDate "2025.09.18"]
[SourceVersion "1"]
[SourceVersionDate "2025.09.18"]
[SourceQuality "1"]

1. e4 c5 2. d4 cxd4 3. c3 dxc3 4. Nxc3 e6 5. Nf3 a6 6. Bf4 b5 7. a3 Bb7 8. Bd3 Ne7 9. e5 Ng6 10. Bg5 Be7 11. Bxe7 Nxe7 12. Ne4 Bxe4 13. Bxe4 Nbc6 14. Rc1 Rc8 15. Bxc6 Nxc6 16. Nd4 O-O 17. Nxc6 dxc6 18. Qd6 Qxd6 19. exd6 Rfd8 20. Rd1 Rd7 21. O-O Rcd8 22. Rfe1 Rxd6 23. Rc1 Kf8 24. f3 Rc8 25. g4 Rd2 26. b4 Rd3 27. Ra1 Rxf3 28. Kg2 Rd3 29. Re2 Rcd8 30. Rae1 Rd2 31. Kf3 Rxe2 32. Rxe2 Rd3+ 33. Ke4 Rxa3 34. Ke5 Ke7 35. Rd2 g5 36. Rd6 Re3+ 37. Kd4 Kxd6 38. Kxe3 Ke5 39. Kd3 f6 40. Ke3 Kd5 41. Kd3 e5 42. Kc3 Ke4 43. h3 Kf3 44. Kd3 e4+ 45. Kd2 Kf2 46. h4 e3+ 47. Kc2 e2 48. hxg5 e1=Q 49. Kb2 Qxb4+ 50. Ka1 Ke2 51. Ka2 Kd2 52. Ka1 Kc2 53. Ka2 Qb2# 0-1

[Event "Daventry 4NCL U1700"]
[Site "Daventry"]
[Date "2025.04.21"]
[Round "6.15"]
[White "Mantaev, Nikolai"]
[Black "Gelder, Stephanie"]
[Result "1/2-1/2"]
[WhiteElo "1370"]
[BlackElo "1488"]
[PlyCount "115"]
[EventDate "2025.04.18"]
[EventType "swiss"]
[EventRounds "7"]
[EventCountry "ENG"]
[SourceTitle "BritBase"]
[Source "John Saunders"]
[SourceDate "2025.09.18"]
[SourceVersion "1"]
[SourceVersionDate "2025.09.18"]
[SourceQuality "1"]

1. e4 b6 2. d4 Bb7 3. Nc3 e6 4. Nf3 Nf6 5. Bd3 Bb4 6. Qe2 h6 7. a3 Bxc3+ 8. bxc3 d6 9. O-O Nbd7 10. c4 c5 11. d5 e5 12. Bd2 Qe7 13. Nh4 g6 14. g3 Ng8 15. a4 Ndf6 16. a5 Qd8 17. Ra2 Ne7 18. Rfa1 g5 19. Nf5 Nxf5 20. exf5 O-O 21. axb6 axb6 22. Rxa8 Bxa8 23. Qe1 Qc7 24. Ra3 Bb7 25. Qa1 Rb8 26. Ra7 Qc8 27. Qb2 Nd7 28. f4 f6 29. fxg5 hxg5 30. Be2 Ra8 31. Rxa8 Qxa8 32. Bh5 Qa4 33. Qb3 Qxb3 34. cxb3 Kf8 35. Bg6 Ke7 36. h4 gxh4 37. gxh4 Kf8 38. Bh6+ Kg8 39. Kg2 Ba6 40. Be8 Nf8 41. Bxf8 Kxf8 42. Bc6 Bc8 43. Kf3 Bxf5 44. Kg3 Kg7 45. Be8 Kh6 46. Bf7 Bc2 47. Kg4 Bxb3 48. Kf5 Kg7 49. Ke6 Bxc4 50. Be8 b5 51. Kxd6 b4 52. Kxc5 b3 53. Ba4 Bxd5 54. Kxd5 Kh6 55. Bxb3 Kh5 56. Ke4 Kxh4 57. Kf5 Kg3 58. Bc2 1/2-1/2

[Event "Daventry 4NCL U1700"]
[Site "Daventry"]
[Date "2025.04.21"]
[Round "6.16"]
[White "Raj Konwar, Daryan"]
[Black "Sartain, Patrick P"]
[Result "1-0"]
[WhiteElo "1294"]
[BlackElo "1458"]
[PlyCount "53"]
[EventDate "2025.04.18"]
[EventType "swiss"]
[EventRounds "7"]
[EventCountry "ENG"]
[SourceTitle "BritBase"]
[Source "John Saunders"]
[SourceDate "2025.09.18"]
[SourceVersion "1"]
[SourceVersionDate "2025.09.18"]
[SourceQuality "1"]

1. e4 e5 2. Nf3 d6 3. c3 Bg4 4. Be2 Nf6 5. Qc2 a6 6. O-O Nbd7 7. d4 h6 8. h3 Bxf3 9. Bxf3 Nh7 10. Re1 Ng5 11. Bxg5 hxg5 12. Qb3 Rb8 13. Nd2 Nf6 14. Rad1 exd4 15. e5 dxe5 16. Rxe5+ Be7 17. Rde1 dxc3 18. bxc3 Ng8 19. Bd5 Kf8 20. Bxf7 Qxd2 21. Bxg8 Qxe1+ 22. Rxe1 Rxg8 23. Re3 Re8 24. Qe6 g6 25. Rf3+ Kg7 26. Rf7+ Kh6 27. Rxe7 1-0

[Event "Daventry 4NCL U1700"]
[Site "Daventry"]
[Date "2025.04.21"]
[Round "6.17"]
[White "Fletcher, Ben J"]
[Black "Fraser, Chris A"]
[Result "1/2-1/2"]
[WhiteElo "1431"]
[BlackElo "1548"]
[PlyCount "96"]
[EventDate "2025.04.18"]
[EventType "swiss"]
[EventRounds "7"]
[EventCountry "ENG"]
[SourceTitle "BritBase"]
[Source "John Saunders"]
[SourceDate "2025.09.18"]
[SourceVersion "1"]
[SourceVersionDate "2025.09.18"]
[SourceQuality "1"]

1. e4 c5 2. Nf3 g6 3. c3 Bg7 4. d4 cxd4 5. cxd4 d5 6. e5 Bg4 7. Bb5+ Bd7 8. Nc3 Bxb5 9. Nxb5 a6 10. Nc3 e6 11. Be3 Nh6 12. Bg5 Qd7 13. h3 Nf5 14. g4 Ne7 15. Qd2 Nbc6 16. Rc1 b5 17. O-O h6 18. Be3 Rc8 19. Kg2 g5 20. Ne2 Ng6 21. Ng3 Kf8 22. Nh5 Qe7 23. Rc5 Qd7 24. Rfc1 Nge7 25. a3 Qb7 26. Qc3 Na7 27. Nd2 Rxc5 28. Qxc5 Nac6 29. Nb3 Qc7 30. Bd2 Qd8 31. Qd6 Qa8 32. Qc5 Rg8 33. Na5 Nxa5 34. Bxa5 f5 35. exf6 Bxf6 36. Nxf6 Rg7 37. Nd7+ Kf7 38. Ne5+ Kf6 39. Qc3 Ng6 40. Nxg6 Kxg6 41. Qd3+ Kf7 42. Rc2 Kg8 43. Rc7 Qe8 44. Qe3 Qg6 45. Qe5 Rxc7 46. Qxc7 Qe8 47. Qd8 Kf7 48. Qc7+ Kg8 1/2-1/2

[Event "Daventry 4NCL U1700"]
[Site "Daventry"]
[Date "2025.04.21"]
[Round "6.18"]
[White "Bangalore Kumar, Rohith"]
[Black "Li, Pengxiang"]
[Result "1/2-1/2"]
[WhiteElo "1619"]
[BlackElo "1287"]
[PlyCount "80"]
[EventDate "2025.04.18"]
[EventType "swiss"]
[EventRounds "7"]
[EventCountry "ENG"]
[SourceTitle "BritBase"]
[Source "John Saunders"]
[SourceDate "2025.09.18"]
[SourceVersion "1"]
[SourceVersionDate "2025.09.18"]
[SourceQuality "1"]

1. e4 d5 2. exd5 Qxd5 3. Nc3 Qa5 4. Nf3 Nf6 5. Bc4 Bf5 6. d3 c6 7. O-O Nbd7 8. Bd2 Qc7 9. h3 e6 10. Re1 Bc5 11. Be3 O-O-O 12. Bxc5 Nxc5 13. b4 Ncd7 14. a4 Nb6 15. Bb3 Nbd5 16. Nxd5 Nxd5 17. Qd2 Rhe8 18. Reb1 e5 19. b5 Re6 20. Bxd5 Rxd5 21. Qe3 c5 22. a5 h6 23. Nd2 e4 24. dxe4 Rde5 25. b6 axb6 26. axb6 Rxb6 27. Ra8+ Kd7 28. Qd3+ Rd6 29. Qb5+ Ke7 30. Nc4 Rxe4 31. Nxd6 Qxd6 32. Re8+ Kf6 33. Rxe4 Bxe4 34. Re1 Bc6 35. Qc4 g5 36. Qc3+ Kg6 37. Re5 Qd1+ 38. Kh2 b6 39. Qb3 Qd6 40. Qg3 Qd4 1/2-1/2

[Event "Daventry 4NCL U1700"]
[Site "Daventry"]
[Date "2025.04.21"]
[Round "6.19"]
[White "Collins, Nigel"]
[Black "Amudhavel, Aadharshini"]
[Result "1/2-1/2"]
[WhiteElo "1566"]
[BlackElo "1263"]
[PlyCount "70"]
[EventDate "2025.04.18"]
[EventType "swiss"]
[EventRounds "7"]
[EventCountry "ENG"]
[SourceTitle "BritBase"]
[Source "John Saunders"]
[SourceDate "2025.09.18"]
[SourceVersion "1"]
[SourceVersionDate "2025.09.18"]
[SourceQuality "1"]

1. c4 e5 2. Nc3 Nf6 3. g3 Bc5 4. Nf3 Nc6 5. Bg2 d6 6. O-O O-O 7. e3 Bg4 8. h3 Bxf3 9. Bxf3 Re8 10. d3 Qd7 11. Bg2 Bb4 12. Bd2 Bxc3 13. Bxc3 d5 14. cxd5 Nxd5 15. Qc2 Nxc3 16. bxc3 Re6 17. d4 exd4 18. cxd4 Rh6 19. f4 Re8 20. Rae1 Nb4 21. Qd2 Nd5 22. e4 Nb6 23. g4 Nc4 24. Qc3 Nd6 25. d5 c6 26. dxc6 bxc6 27. e5 Nb5 28. Qxc6 Rxc6 29. Rd1 Qe6 30. Bd5 Qh6 31. g5 Qxh3 32. Bxc6 Qg3+ 33. Kh1 Qh3+ 34. Kg1 Qg3+ 35. Kh1 Qh3+ 1/2-1/2

[Event "Daventry 4NCL U1700"]
[Site "Daventry"]
[Date "2025.04.21"]
[Round "6.20"]
[White "Ronald, Ken"]
[Black "Nagaram, Sai Saatvik"]
[Result "1-0"]
[WhiteElo "1498"]
[BlackElo "909"]
[PlyCount "39"]
[EventDate "2025.04.18"]
[EventType "swiss"]
[EventRounds "7"]
[EventCountry "ENG"]
[SourceTitle "BritBase"]
[Source "John Saunders"]
[SourceDate "2025.09.18"]
[SourceVersion "1"]
[SourceVersionDate "2025.09.18"]
[SourceQuality "1"]

1. d4 d5 2. c4 e6 3. Nc3 c5 4. cxd5 exd5 5. Nf3 Nc6 6. Bf4 Nf6 7. e3 Bd6 8. Bg3 O-O 9. Bd3 c4 10. Bc2 a6 11. a4 Be6 12. O-O Qd7 13. Bh4 Be7 14. Ne5 Nxe5 15. dxe5 Ne8 16. Bxe7 Qxe7 17. Nxd5 Bxd5 18. Qxd5 Rd8 19. Qe4 Rd2 20. Qxh7# 1-0

[Event "Daventry 4NCL U1700"]
[Site "Daventry"]
[Date "2025.04.21"]
[Round "6.21"]
[White "Yue, Blake"]
[Black "Goldsmith, Jennifer"]
[Result "1/2-1/2"]
[WhiteElo "1178"]
[BlackElo "1379"]
[PlyCount "69"]
[EventDate "2025.04.18"]
[EventType "swiss"]
[EventRounds "7"]
[EventCountry "ENG"]
[SourceTitle "BritBase"]
[Source "John Saunders"]
[SourceDate "2025.09.18"]
[SourceVersion "1"]
[SourceVersionDate "2025.09.18"]
[SourceQuality "1"]

1. d4 d5 2. Bf4 Nf6 3. Nf3 c6 4. e3 Bf5 5. Bd3 Bxd3 6. Qxd3 e6 7. Nbd2 Nbd7 8. O-O Be7 9. Ne5 O-O 10. Ndf3 c5 11. c3 cxd4 12. cxd4 Rc8 13. Rac1 Qb6 14. Qd2 Nxe5 15. Nxe5 Qd8 16. Rxc8 Qxc8 17. Rc1 Qd8 18. f3 Nh5 19. Bg3 Nxg3 20. hxg3 Bd6 21. f4 f6 22. Nd3 b6 23. Nb4 a5 24. Nc6 Qa8 25. Qc3 Kh8 26. Qd3 Rc8 27. Qb5 Qb7 28. Kf2 Ra8 29. a3 Kg8 30. f5 Kf7 31. fxe6+ Kxe6 32. Qd3 g6 33. e4 Qa6 34. exd5+ Kd7 35. Qe3 1/2-1/2

[Event "Daventry 4NCL U1700"]
[Site "Daventry"]
[Date "2025.04.21"]
[Round "7.1"]
[White "Shi, Kevin"]
[Black "Prabhakaran, Anvikkashri"]
[Result "1-0"]
[WhiteElo "1430"]
[BlackElo "1498"]
[PlyCount "83"]
[EventDate "2025.04.18"]
[EventType "swiss"]
[EventRounds "7"]
[EventCountry "ENG"]
[SourceTitle "BritBase"]
[Source "John Saunders"]
[SourceDate "2025.09.18"]
[SourceVersion "1"]
[SourceVersionDate "2025.09.18"]
[SourceQuality "1"]

1. e4 e6 2. d4 d5 3. Nd2 Nf6 4. e5 Nfd7 5. Ngf3 c5 6. c3 Nc6 7. Bd3 Qb6 8. O-O cxd4 9. cxd4 Nxd4 10. Nxd4 Qxd4 11. Nf3 Qb6 12. Qa4 Qb4 13. Qd1 Be7 14. a3 Qb6 15. Be3 Qd8 16. Rc1 O-O 17. h4 Bxh4 18. g3 Be7 19. Kg2 b6 20. Rh1 g6 21. Bh6 Re8 22. Qd2 Bf8 23. Rh2 f6 24. Rch1 Re7 25. Bxg6 Bxh6 26. Qxh6 Nf8 27. exf6 Rc7 28. f7+ Rxf7 29. Bxf7+ Kxf7 30. Ne5+ Ke8 31. Qh5+ Ke7 32. Nc6+ Kd7 33. Nxd8 Kxd8 34. Qf7 Nd7 35. Rxh7 Kc7 36. Rc1+ Kd6 37. Rxc8 Rxc8 38. Qxd7+ Ke5 39. Qxc8 d4 40. Rh5+ Ke4 41. Qc2+ d3 42. Qc4# 1-0

[Event "Daventry 4NCL U1700"]
[Site "Daventry"]
[Date "2025.04.21"]
[Round "7.2"]
[White "Udin, Wade"]
[Black "Van Neerven, Yvon"]
[Result "1-0"]
[WhiteElo "1521"]
[BlackElo "1222"]
[PlyCount "61"]
[EventDate "2025.04.18"]
[EventType "swiss"]
[EventRounds "7"]
[EventCountry "ENG"]
[SourceTitle "BritBase"]
[Source "John Saunders"]
[SourceDate "2025.09.18"]
[SourceVersion "1"]
[SourceVersionDate "2025.09.18"]
[SourceQuality "1"]

1. d4 Nf6 2. Bf4 g6 3. Nc3 Bg7 4. e4 d6 5. Nf3 O-O 6. Be2 Nbd7 7. Qd2 c5 8. Bh6 Qb6 9. O-O-O Bxh6 10. Qxh6 Ng4 11. Qh4 cxd4 12. Nd5 Qc5 13. Qxg4 Nb6 14. Nxe7+ Kh8 15. Nxc8 Rfxc8 16. Bd3 Rc7 17. Qg5 d5 18. Qf6+ Kg8 19. Qxd4 Qa5 20. a3 Nc4 21. Bxc4 Rxc4 22. Qxd5 Qa4 23. Rd2 Rac8 24. c3 b5 25. Ne5 R4c7 26. Qd4 Qb3 27. Rc2 a5 28. Ng4 b4 29. axb4 axb4 30. Nf6+ Kf8 31. Nd5 1-0

[Event "Daventry 4NCL U1700"]
[Site "Daventry"]
[Date "2025.04.21"]
[Round "7.3"]
[White "Peel, James"]
[Black "Homer, Neil S"]
[Result "1-0"]
[WhiteElo "1534"]
[BlackElo "1683"]
[PlyCount "71"]
[EventDate "2025.04.18"]
[EventType "swiss"]
[EventRounds "7"]
[EventCountry "ENG"]
[SourceTitle "BritBase"]
[Source "John Saunders"]
[SourceDate "2025.09.18"]
[SourceVersion "1"]
[SourceVersionDate "2025.09.18"]
[SourceQuality "1"]

1. c4 e6 2. g3 d5 3. Bg2 c5 4. Nf3 Nc6 5. cxd5 exd5 6. O-O Nf6 7. d4 c4 8. Bf4 Be7 9. Nc3 O-O 10. Qd2 Bf5 11. Nh4 Be6 12. Nf3 Bb4 13. Qc1 Rc8 14. Bg5 Be7 15. Bxf6 Bxf6 16. e3 a6 17. Qd2 b5 18. Rfc1 Ne7 19. h4 Qd7 20. Kh2 Rfd8 21. Ne2 h6 22. Nf4 Rc7 23. Nh5 Nc6 24. Nxf6+ gxf6 25. Ng1 Kg7 26. Ne2 Qe7 27. Nf4 f5 28. Bh3 Rg8 29. Qe2 Qd7 30. Nh5+ Kg6 31. a3 Qe7 32. Qf3 Qd7 33. Rg1 f6 34. Nf4+ Kh7 35. Nxe6 Qd8 36. Nf4 1-0

[Event "Daventry 4NCL U1700"]
[Site "Daventry"]
[Date "2025.04.21"]
[Round "7.4"]
[White "Seymour, Paul"]
[Black "Badley, Christopher"]
[Result "1/2-1/2"]
[WhiteElo "1619"]
[BlackElo "1483"]
[PlyCount "69"]
[EventDate "2025.04.18"]
[EventType "swiss"]
[EventRounds "7"]
[EventCountry "ENG"]
[SourceTitle "BritBase"]
[Source "John Saunders"]
[SourceDate "2025.09.18"]
[SourceVersion "1"]
[SourceVersionDate "2025.09.18"]
[SourceQuality "1"]

1. d4 d5 2. Bf4 c5 3. e3 Nc6 4. c3 Nf6 5. Nf3 Qb6 6. Qc1 Bf5 7. Nbd2 e6 8. h3 h6 9. Be2 Be7 10. O-O O-O 11. Bd1 Rfd8 12. Bc2 Bxc2 13. Qxc2 Rac8 14. Ne5 cxd4 15. Nxc6 Rxc6 16. exd4 Qxd4 17. Be3 Qe5 18. Nb3 Bd6 19. g3 Bb8 20. Na5 Rc7 21. Bf4 Qh5 22. Kg2 e5 23. g4 Nxg4 24. hxg4 Qxg4+ 25. Bg3 Re7 26. Rh1 e4 27. Qd1 Qg6 28. Qh5 Qb6 29. Bxb8 Rxb8 30. Nb3 Rd8 31. Rae1 Re6 32. Rh3 Rdd6 33. Ree3 Rg6+ 34. Rhg3 a5 35. Qe2 1/2-1/2

[Event "Daventry 4NCL U1700"]
[Site "Daventry"]
[Date "2025.04.21"]
[Round "7.5"]
[White "Ben-Eshak, Djad"]
[Black "Jerome, Stellio"]
[Result "1-0"]
[WhiteElo "1468"]
[BlackElo "1614"]
[PlyCount "31"]
[EventDate "2025.04.18"]
[EventType "swiss"]
[EventRounds "7"]
[EventCountry "ENG"]
[SourceTitle "BritBase"]
[Source "John Saunders"]
[SourceDate "2025.09.18"]
[SourceVersion "1"]
[SourceVersionDate "2025.09.18"]
[SourceQuality "1"]

1. e4 e6 2. d4 d5 3. exd5 exd5 4. Bd3 c5 5. c3 Nc6 6. Ne2 Nf6 7. Bf4 Qb6 8. Qd2 cxd4 9. cxd4 Nxd4 10. Nxd4 Bd7 11. Nf3 Bc5 12. O-O O-O 13. Nc3 Rac8 14. Be5 Bb4 15. Bxf6 Bxc3 16. Bxc3 1-0

[Event "Daventry 4NCL U1700"]
[Site "Daventry"]
[Date "2025.04.21"]
[Round "7.6"]
[White "Chen, Yechu"]
[Black "Poliakov, Andrii"]
[Result "1-0"]
[WhiteElo "1555"]
[BlackElo "1437"]
[PlyCount "115"]
[EventDate "2025.04.18"]
[EventType "swiss"]
[EventRounds "7"]
[EventCountry "ENG"]
[SourceTitle "BritBase"]
[Source "John Saunders"]
[SourceDate "2025.09.18"]
[SourceVersion "1"]
[SourceVersionDate "2025.09.18"]
[SourceQuality "1"]

1. e4 e5 2. Nf3 Nc6 3. Bc4 Be7 4. d4 exd4 5. Nxd4 d6 6. Nc3 Nf6 7. O-O O-O 8. Be3 Bd7 9. f3 a6 10. Qd2 Nxd4 11. Bxd4 Be6 12. Bb3 Bxb3 13. axb3 d5 14. Bxf6 Bxf6 15. exd5 Qd7 16. Ne4 Bxb2 17. Ra2 Be5 18. c4 b6 19. f4 Bd6 20. f5 Rfe8 21. Qd3 Qe7 22. Nxd6 Qxd6 23. f6 g6 24. Qd2 Qc5+ 25. Kh1 Qe3 26. Qxe3 Rxe3 27. Ra3 a5 28. h3 h5 29. Rf3 Rxf3 30. gxf3 Re8 31. c5 Rd8 32. d6 cxd6 33. cxb6 Ra8 34. b4 a4 35. b5 Ra5 36. Rxa4 Rxb5 37. Ra8+ Kh7 38. Rf8 Rxb6 39. Rxf7+ Kh6 40. Rd7 d5 41. Rf7 Kg5 42. Rd7 Rxf6 43. Rxd5+ Kf4 44. Kg2 Ra6 45. Rd4+ Ke3 46. Re4+ Kd3 47. h4 Rf6 48. Re5 Kd4 49. Re4+ Kd5 50. Kg3 Rf5 51. Re8 Re5 52. Rg8 Re6 53. Kf4 Rf6+ 54. Kg5 Rxf3 55. Rxg6 Ke5 56. Kxh5 Kf5 57. Rg8 Rg3 58. Rxg3 1-0